000 00754nam a2200253Ia 4500
003 OSt
005 20220918181121.0
006 a|||||r|||| 00| 0
007 ta
008 220917b |||||||| |||| 00| 0 eng d
024 _a25,540
037 _cTextual
040 _aARTS
_cARTS
_beng
041 _2eng
_aeng
082 _aO111,1L72:g, K7
100 _aCoburn Kathleen Ed.
245 0 _aColeridge
_b a collection of critical essays ed. by Kathleen Coburn
260 _aNew Jersey
_bPrentice-Hall USA
_c1967
300 _avi,186p.
_ccm.
490 _aTwentieth century views ed by Maynard Mack
650 _aENGLISH LITERATURE
942 _hO111,1L72:g, K7
_cTEXL
_2CC
999 _c164422
_d164422